000
00286nam a2200109Ia 4500
008
201231s9999 xx 000 0 und d
100
_a
Conger, Jim
245
4
_a
The Waite Group Windows Programming Primer Plus
260
_a
New Delhi
_b
Galgotia Publications
300
_a
714
942
_c
BK
999
_c
9482
_d
9482